Logic and Computer Design Fundamentals /

Spremljeno u:
Bibliografski detalji
Glavni autor: Mano, M. Morris (autor)
Daljnji autori: Kime, Charles R. (autor) (autor)
Format: Knjiga
Jezik:engleski
Izdano: Upper Saddle River, EUA : Prentice-Hall, 2001, c2001
Teme:
Oznake: Dodaj oznaku
Bez oznaka, Budi prvi tko označuje ovaj zapis!

MARC

LEADER 00000nam^a2200000^a^4500
001 000147999
005 20250521000000.0
009 20260310100009.013
020 |a 0-13-031486-2 
020 |a 0-13-045190-8 
037 |a Acervo ITESO - Biblioteca 
041 |a ING 
082 |a 621. 392  |b MAN 
100 |a Mano, M. Morris  |e (autor) 
245 1 0 |a Logic and Computer Design Fundamentals /  |c M.M. Mano, C.R. Kime. 
264 4 |a Upper Saddle River, EUA :  |b Prentice-Hall,  |c 2001, c2001 
300 |a XV, 650 p. +  |e 1 disco compacto de computadora + 1 díptico 
336 |a texto  |b txt  |2 rdacontenido 
337 |a sin mediación  |b n  |2 rdamedio 
338 |a volumen  |b nc  |2 rdasoporte 
649 |a XX 
650 |a Circuitos Integrados Digitales -  |x Diseño y Construcción 
650 |a Circuitos Electrónicos -  |x Diseño y Construcción 
650 |a Semiconductores 
650 |a Memorias (Ingeniería Computacional) 
650 |a Microprocesadores 
650 |a Componentes (Hardware) 
650 |a Arquitectura de Computadoras 
650 |a Computadoras 
650 |a Electrónica Digital 
650 |a Ingeniería Computacional 
650 |a Ingeniería Electrónica 
740 0 |a ISE Student Edition, Version 4.2i :  |b Documentation / 
740 0 |a ISE Student Edition, Version 4.2i :  |b Design Environment / 
700 |a Kime, Charles R.  |e (autor) 
910 |a Fondo General 
920 |a Impresos - Libros 
930 |a Colección General 
905 |a 101 
901 |a 0500077908  |b IT1  |c ACC  |u 20250521 
901 |a 0500077907  |b IT2  |c SWS  |u 20250521 
901 |a 0500177139  |b IT2  |c SWS  |u 20250521 
901 |a 0500246039  |b IT2  |c SAS  |u 20250521 
902 |a https://opac.biblio.iteso.mx/vufind/Record/000147999